[Event "Warsaw Najdorf Memorial op-B"]
[Site "Warsaw"]
[Date "2023.07.16"]
[Round "6"]
[White "Olszewski, Antoni"]
[Black "Celinski, Kamil"]
[Result "0-1"]
[WhiteElo "1681"]
[BlackElo "1820"]
[PlyCount "74"]
[EventDate "2023.07.11"]
[EventType "swiss"]
[EventRounds "9"]
[EventCountry "POL"]
[SourceTitle "EXT 2024"]
[Source "ChessBase"]
[SourceDate "2023.10.10"]
[SourceVersion "1"]
[SourceVersionDate "2023.10.10"]
[SourceQuality "1"]

1. e4 e5 2. Nf3 Nc6 3. Bb5 a6 4. Ba4 Nf6 5. d3 b5 6. Bb3 Bc5 7. Nc3 h6 8. Nd5 d6 9. Nxf6+ Qxf6 10. Bd5 Bd7 11. c3 Rb8 12. Be3 Bb6 13. 0-0 Ne7 14. Bxb6 Rxb6 15. d4 Ng6 16. Qd2 Nf4 17. dxe5 dxe5 18. Bxf7+ Ke7 19. Bb3 Bh3 20. Ne1 Bxg2 21. Qe3 Bxf1 22. Kxf1 Rd8 23. Nf3 Rbd6 24. Qc5 Ne6 25. Bxe6 Qxf3 26. Bd5 Qh1+ 27. Ke2 Qxa1 28. Qxc7+ R8d7 29. Qc8 Qxb2+ 30. Kd3 Qxf2 31. Qg8 Qf8 32. Qh7 Qf6 33. h4 Rd8 34. h5 Rf8 35. Kc2 Rxd5 36. exd5 Qf5+ 37. Kb3 Qxh7 0-1

[Event "POL-chT 2nd League"]
[Site "Sypniewo"]
[Date "2021.09.11"]
[Round "8.9"]
[White "Chalupnik, Marcin"]
[Black "Celinski, Kamil"]
[Result "1-0"]
[WhiteElo "2174"]
[BlackElo "2025"]
[PlyCount "79"]
[EventDate "2021.09.04"]
[EventType "team-swiss"]
[EventRounds "9"]
[EventCountry "POL"]
[SourceTitle "CBM 204 Extra"]
[Source "ChessBase"]
[SourceDate "2021.11.30"]
[SourceVersion "1"]
[SourceVersionDate "2021.11.30"]
[SourceQuality "1"]
[WhiteTeam "Warszawa YMCA"]
[BlackTeam "Warszawa Zugzwang"]
[WhiteTeamCountry "POL"]
[BlackTeamCountry "POL"]

1. c4 Nf6 2. g3 e6 3. Bg2 d5 4. Nf3 Be7 5. 0-0 0-0 6. b3 b6 7. Bb2 Bb7 8. e3 c5 9. Nc3 Qc8 10. cxd5 exd5 11. d4 Rd8 12. Rc1 Nc6 13. Ba3 Ne4 14. dxc5 Na5 15. Qc2 Bxc5 16. Bxc5 bxc5 17. Nxe4 dxe4 18. Ng5 Qf5 19. Nxe4 Rac8 20. Nxc5 Qh5 21. b4 Bxg2 22. Kxg2 Nc6 23. Qb3 Ne5 24. e4 h6 25. Rfd1 Qe2 26. Re1 Qg4 27. h3 Qg5 28. Rcd1 Ng6 29. Rxd8+ Rxd8 30. Rd1 Re8 31. Rd7 Ne5 32. Rxa7 Qf6 33. Ra6 Qg5 34. Qe3 Qh5 35. Ra7 Rd8 36. a4 Nc4 37. Qf3 Qg6 38. Qf5 Ne3+ 39. fxe3 Rd2+ 40. Kf3 1-0

[Event "POL-chT 2nd League"]
[Site "Sypniewo"]
[Date "2021.09.04"]
[Round "1.7"]
[White "Celinski, Kamil"]
[Black "Dzikowski, Michal"]
[Result "0-1"]
[WhiteElo "2025"]
[BlackElo "2120"]
[PlyCount "166"]
[EventDate "2021.09.04"]
[EventType "team-swiss"]
[EventRounds "9"]
[EventCountry "POL"]
[SourceTitle "CBM 204 Extra"]
[Source "ChessBase"]
[SourceDate "2021.11.30"]
[SourceVersion "1"]
[SourceVersionDate "2021.11.30"]
[SourceQuality "1"]
[WhiteTeam "Warszawa Zugzwang"]
[BlackTeam "Wisznia Mala Bialy Krol II"]
[WhiteTeamCountry "POL"]
[BlackTeamCountry "POL"]

1. e4 c6 2. Nc3 d5 3. Nf3 Bg4 4. h3 Bxf3 5. Qxf3 e6 6. d4 Nf6 7. exd5 cxd5 8. Bd3 Nc6 9. Ne2 Bd6 10. c3 h6 11. Bf4 a6 12. a4 Rb8 13. 0-0 0-0 14. Ng3 Bxf4 15. Qxf4 Na5 16. b4 Nc6 17. Qe3 a5 18. b5 Ne7 19. f4 Re8 20. Qf3 Qb6 21. Kh1 Nc8 22. Rae1 Nd6 23. f5 exf5 24. Nxf5 Nxf5 25. Qxf5 Qc7 26. Qf3 Rxe1 27. Rxe1 Rc8 28. Re3 Qd6 29. Qe2 Qa3 30. Bc2 Kf8 31. Qd2 Qb2 32. Rf3 Qa1+ 33. Kh2 Qa3 34. Qf4 Qe7 35. Bf5 Re8 36. Bd3 Nh5 37. Qf5 Qc7+ 38. Kg1 Nf6 39. Bc2 Qc4 40. Qf4 Qe2 41. Bb3 Qe1+ 42. Kh2 Qe7 43. c4 Nh5 44. Qe5 Qxe5+ 45. dxe5 Rxe5 46. cxd5 Nf6 47. Rc3 Ne8 48. Rc8 Ke7 49. b6 Re3 50. Bc2 Nd6 51. Rc5 Re2 52. Bd1 Rb2 53. Rxa5 Rxb6 54. Rc5 Kd7 55. Rc3 Rb4 56. Rg3 g6 57. Rd3 Ne4 58. Rb3 Rxb3 59. Bxb3 Kd6 60. h4 b6 61. g3 Nc5 62. Bc2 Kxd5 63. Kg2 Kd4 64. Kf3 Kc3 65. Bd1 Kd2 66. Be2 Nxa4 67. Bb5 Nc5 68. Be8 Nd3 69. Ke4 f5+ 70. Kd4 g5 71. hxg5 hxg5 72. Bg6 f4 73. gxf4 Nxf4 74. Bf5 Ne2+ 75. Kc4 b5+ 76. Kb4 Nd4 77. Bg4 Kd3 78. Bh5 Ke4 79. Kc5 Ke5 80. Bd1 Ke4 81. Bh5 Kd3 82. Kb4 Kd2 83. Kc5 Kc3 0-1

[Event "Warsaw Najdorf Memorial op-A"]
[Site "Warsaw"]
[Date "2021.07.10"]
[Round "1"]
[White "Romanishin, Oleg M"]
[Black "Celinski, Kamil"]
[Result "1-0"]
[WhiteElo "2404"]
[BlackElo "1988"]
[PlyCount "67"]
[EventDate "2021.07.10"]
[EventType "swiss"]
[EventRounds "9"]
[EventCountry "POL"]
[SourceTitle "CBM 203 Extra"]
[Source "ChessBase"]
[SourceDate "2021.09.30"]
[SourceVersion "1"]
[SourceVersionDate "2021.09.30"]
[SourceQuality "1"]

1. Nf3 Nf6 2. g3 b5 3. Bg2 Bb7 4. 0-0 c5 5. d3 d5 6. c4 bxc4 7. dxc4 d4 8. e3 Nc6 9. exd4 Nxd4 10. Nxd4 Bxg2 11. Ne6 fxe6 12. Kxg2 e5 13. Nc3 e6 14. Qf3 Be7 15. Qc6+ Kf7 16. Be3 Rc8 17. Qf3 Rf8 18. Rad1 Qb6 19. Rd7 Rc7 20. Na4 Qc6 21. Qxc6 Rxc6 22. Rxa7 Rfc8 23. Rd1 R6c7 24. Rxc7 Rxc7 25. Nc3 Rc6 26. a4 Ke8 27. Nb5 Bd8 28. Nd6+ Ke7 29. Nb7 Bb6 30. a5 Ba7 31. b4 Nd7 32. b5 Rc7 33. Bg5+ Kf8 34. Nd8 1-0

[Event "Bolton Easter op"]
[Site "Bolton"]
[Date "2018.03.30"]
[Round "2"]
[White "Mason, Donald"]
[Black "Celinski, Kamil"]
[Result "1/2-1/2"]
[WhiteElo "2120"]
[BlackElo "1861"]
[PlyCount "92"]
[EventDate "2018.03.30"]
[EventType "swiss"]
[EventRounds "5"]
[EventCountry "ENG"]
[SourceTitle "CBM 183 Extra"]
[Source "ChessBase"]
[SourceDate "2018.04.19"]
[SourceVersion "1"]
[SourceVersionDate "2018.04.19"]
[SourceQuality "1"]

1. e4 e5 2. Nf3 Nc6 3. Bc4 Bc5 4. c3 Nf6 5. d3 0-0 6. 0-0 d5 7. exd5 Nxd5 8. Re1 Bg4 9. h3 Bh5 10. Nbd2 Nb6 11. Ne4 Bd6 12. Bg5 Be7 13. Bxe7 Qxe7 14. Bb3 Rad8 15. Qe2 Nd5 16. Bxd5 Rxd5 17. Ng3 Bxf3 18. Qxf3 Qd7 19. Rad1 Rd8 20. Re3 f6 21. b4 Ne7 22. Rde1 Ng6 23. d4 exd4 24. cxd4 Nh4 25. Qe4 Rxd4 26. Qxb7 c6 27. Re7 Qxb7 28. Rxb7 R4d7 29. Re7 Rxe7 30. Rxe7 Rd1+ 31. Kh2 Rd2 32. Re2 Rxe2 33. Nxe2 Nf5 34. g4 Ne7 35. Nd4 Kf7 36. Kg3 Ke8 37. a3 Kd7 38. Kf3 g6 39. Ke4 Nc8 40. f4 Nd6+ 41. Kd3 a6 42. Nb3 Nb7 43. Kd4 Kd6 44. a4 g5 45. f5 h6 46. a5 Kd7 1/2-1/2

[Event "EU-ch rapid"]
[Site "Katowice"]
[Date "2017.12.17"]
[Round "8"]
[White "Barski, Radoslaw"]
[Black "Celinski, Kamil"]
[Result "0-1"]
[WhiteElo "2452"]
[BlackElo "1878"]
[PlyCount "177"]
[EventDate "2017.12.16"]
[EventType "swiss (rapid)"]
[EventRounds "11"]
[EventCountry "POL"]
[SourceTitle "CBM 182 Extra"]
[Source "ChessBase"]
[SourceDate "2018.02.23"]
[SourceVersion "1"]
[SourceVersionDate "2018.02.23"]
[SourceQuality "1"]

1. e4 e5 2. Nf3 Nc6 3. Bb5 a6 4. Ba4 Nf6 5. 0-0 Nxe4 6. d4 exd4 7. Re1 d5 8. Nxd4 Bd6 9. Nxc6 Bxh2+ 10. Kh1 Qh4 11. Rxe4+ dxe4 12. Qd8+ Qxd8 13. Nxd8+ Kxd8 14. Kxh2 Be6 15. Nc3 c5 16. Nxe4 b5 17. Nxc5 bxa4 18. Bg5+ Kc7 19. Nxa4 h6 20. Be3 Kc6 21. b3 Rhd8 22. c4 f6 23. Rc1 Bf7 24. b4 Rd3 25. Nc5 Ra3 26. Nxa6 R3xa6 27. b5+ Kb7 28. bxa6+ Rxa6 29. c5 Bxa2 30. Rd1 Rc6 31. Rd7+ Rc7 32. Rd2 Be6 33. Rb2+ Kc6 34. Rb6+ Kd7 35. Rd6+ Ke7 36. Ra6 Bd7 37. Bf4 Rc8 38. Bd6+ Ke6 39. Ra7 g6 40. Kg3 h5 41. Kf4 Re8 42. f3 Rc8 43. Ke4 g5 44. Kd4 f5 45. Ra1 h4 46. Re1+ Kf6 47. Be7+ Kg6 48. Kd5 Bc6+ 49. Kd6 g4 50. Re6+ Kg7 51. Bxh4 gxf3 52. gxf3 Bxf3 53. Re7+ Kg6 54. Bf2 Bc6 55. Bg3 Ba4 56. Be5 Kh6 57. Ra7 Be8 58. Ra2 Bb5 59. Rh2+ Kg5 60. Rg2+ Kh5 61. Rg1 Rc6+ 62. Kd5 Rc8 63. Bd6 Bc6+ 64. Ke5 Be4 65. Kf6 Kh4 66. Ke6 Ra8 67. Rg7 Ra6 68. Ke5 Rc6 69. Kf4 Kh5 70. Rg5+ Kh4 71. Be7 Kh3 72. Rg3+ Kh2 73. Bd6 Ra6 74. Kg5 Ra8 75. Kf6 Kh1 76. Ke7 Ra7+ 77. Ke6 Ra6 78. Kd7 Ra7+ 79. Ke6 Ra6 80. Ke5 Kh2 81. Kf6 Kh1 82. Ke5 Kh2 83. Rg7 Kh3 84. Kf4 Ra3 85. Ke5 Ra6 86. Kf6 f4 87. Ke5 f3 88. Kxe4 f2 89. Rf7 0-1